1818 1183 1873 1067 1050 1366 1206 1246 1507 1652 1401 1487 1496 1804 1561 1882 1420 1989 1442 1932 1547 1697 1211 1480 1565 1310 1888 1723 1444 1017 1410 1383 1965 1123 1428 1900 1352 1727 1539 1282 1339 1071 1390 1611 1321 1839 1528 1562 1594 1901 1740 1997 1395 1656 1931 1039 1532 1497 1905 1756 1737 1959 1818 1758 1205 1433 1457 1037 1152 1788 1633 1352 1937 1086 1957 1067 1437 1958 1546 1666 1373 1697 1528 1684 1427 1763 1297 1224 1963 1075 1152 1612 1168 1845 1284 1465 1610 1488 1896 BCNSPRNW ULIB Ver.6.0+V

เปลี่ยนเป็นภาษาไทย

Change to English
 แสดงรายละเอียดบรรณานุกรม
  กลับหน้าหลัก

Brief Record : Get Marc (ISO 2709) : E-mail record : QR code < ปิดหน้าต่าง
LEADER : 00000nam 2200000uu 4500
001    13399123285
003     ULIB
008    140814s2557||||th 000 0 tha d
099    วจ.LB2324^bศ631ป
100 0  ศิริรัตน์ จำปีเรือง, รพีพรรณ วิบุูลย์วัฒนกิจ, เบญญาภา ภิภัชปวัน และวาสนา เรืองจุติโพธิ์พาน
245 00 ปัจจัยที่สัมพันธ์กับการมีส่วนร่วมของบุคลากรในการประกันคุณภาพการศึกษา/^cศิริรัตน์ จำปีเรือง, รพีพรรณ วิบุูลย์วัฒนกิจ, เบญญาภา ภิภัชปวัน และวาสนา เรืองจุติโพธิ์พาน
246 0  Factors correlated with personel participation in education quality assurance
260    นครสวรรค์:^cวิทยาลัยพยาบาลบรมราชชนนีสวรรค์ประชารักษ์ นครสวรรค์,^b2557
300    81 หน้า
650  0 การประกันคุณภาพการศึกษา^xวิจัย
710 1  วิทยาลัยพยาบาลบรมราชชนนีสวรรค์ประชารักษ์ นครสวรรค์
945    ^p0^l0^i034592
999    ^aเกษร โพธิ์สุวรรณ
รายการนี้ยังไม่มีแท็ก
คุณยังไม่ได้ล็อกอิน คุณสามารถมีกิจกรรมร่วมกับเว็บไซต์ได้ แต่ต้องล็อกอินก่อน ::
  ล็อกอิน

รายการสื่อสารสนเทศ

ลำดับที่ ประเภท เลขเรียก/บาร์โค้ด สถานที่ สถานะ
1. งานวิจัย
งานวิจัย
วจ.LB2324 ศ631ป ฉ.1 
  Barcode: 034592
ห้องสมุดวิทยาเขตสวรรค์ประชารักษ์
►วิจัย
บนชั้น

BibComment


ยังไม่เคยถูกคอมเมนท์

คอมเมนท์ทรัพยากรรายการนี้
  คอมเมนท์: ปัจจัยที่สัมพันธ์..


 Copyright 2026. Bcnsprnw @Library